00814nam a2200193 i 450000100060000000300090000600500170001500700030003200800410003508000110007610000460008724501940013326000340032730000300036165000250039185200590041699900170047595201280049232104ES-MaACL20251015063048.0t|030220s1863 fr ||||1| fre d a550.870 aCarríe, Jean-Baptiste, cAbbé93573710aHydroscopographie et métalloscopographie ou l'art de découvrir les eaux souterraines et les gisements métallifères au moyen de l'électro-magnétisme / cpar M. l'abbé Carrié. aParis : bE. Lacroix, c1863. a250 p. : bil. ; c24 cm. 4aRadiestesia.9148527 aES-MaACLjG-6216(2) q. - Encuadernado con otras obras c32104d32104 001040708LIBXIXaATENEOMbATENEOMcDEPO2d2008-01-17eSCl0oG-6216(2)p1033230r2023-02-23 00:00:00w2023-02-23yMONANT